000 00383nam a2200157Ia 4500
003 OSt
005 20240130103218.0
008 170524s9999 xx 000 0 und d
020 _a8120737148
040 _cIIMT UNIVERSITY
100 _aBegum- Reheena
245 2 _aA text book of food nutrition and dietetics
260 _bSterling publication
260 _c1991
942 _2ddc
_c02
999 _c6342
_d6342